000 00631cam a2200169u 4500
082 _a387.5
_bHAL
_cD
100 1 _aHall, John,
_949844
245 1 0 _aObservations upon the warehousing system and navigation laws with a detailed account of many of the burthens to which the shipping and trade are subjected,
260 _a[London]
_bJ.M. Richardson,
_c1821.
300 _a1 p.l., 133 p.
_c23 cm.
526 _a0
_b0
_c0
_d387_500000000000000_HAL
650 0 _aMaritime law
_zGreat Britain.
_920030
650 0 _aMCE
_9379
650 0 _aWarehouses
_zGreat Britain.
_949845
700 1 _aWallace, Thomas Wallace,
_949846
942 _2ddc
_cBK
999 _c552589
_d552589